The Don flows home to the sea /

Bibliographic Details
Main Author: Sholokhov, Mikhail Aleksandrovich, 1905-1984
Format: Book
Language:English
Russian
Published: New York : Knopf, 1941
Subjects:

MARC

Tag First Indicator Second Indicator Subfields
LEADER 00000cam a2200000 a 4500
001 in00000080754
005 20170303114250.0
008 730322c19411940nyu 00011 eng d
010 |a  41005117  
035 |a (OCoLC)00586213 
035 |9 AAH9535AM 
040 |c MRC  |d m.c.  |d TXA  |d UtOrBLW 
041 1 |a eng  |a rus 
043 |a e-ur--- 
049 |a TXAM  |c [985341] 
050 4 |a PG3476.S52  |b T513 1941 
090 |a PG3476.S52  |b D66 1941 
100 1 |a Sholokhov, Mikhail Aleksandrovich,  |d 1905-1984. 
245 1 4 |a The Don flows home to the sea /  |c by Mikhail Sholokhov ; translated from the Russian by Stephen Garry. 
264 1 |a New York :  |b Knopf,  |c 1941 
264 3 |c 1946 printing 
264 4 |c ©1940 
300 |a 777 pages ;  |c 22 cm. 
336 |a text  |b txt  |2 rdacontent 
337 |a unmediated  |b n  |2 rdamedia 
338 |a volume  |b nc  |2 rdacarrier 
500 |a Translation of the second part of the author's Tikhii Don. 
651 0 |a Soviet Union  |x History  |y Revolution, 1917-1921  |v Fiction. 
999 |a MARS 
999 f f |s 99f69643-fef6-3b69-b35b-e7b730e285e5  |i fff71bf3-221c-3be0-8eb1-da0608f0c4f9  |t 0 
952 f f |p ric  |a Texas A&M University  |b Rellis Campus  |c Joint Library Facility  |s JLF  |d Remote Storage  |t 0  |e PG3476.S52 D66 1941  |h Library of Congress classification  |i unmediated -- volume  |m A14806196995 
998 f f |a PG3476.S52 D66 1941  |t 0  |l Remote Storage